000 00826nam a2200241Ia 4500
003 OSt
005 20220926005433.0
006 a|||||r|||| 00| 0
007 ta
008 220923b |||||||| |||| 00| 0 eng d
020 _a9783319059051
_c6055.6400000000003
037 _bVMB/14-15/307, 20/02/2015, VARDHMAN
_cGeneral Book
040 _aRTL
_cRTL
_beng
041 _2eng
_aeng
082 _aU18:M95:(G:55), Q4
100 _aSRIVASTAVA Prashant K. and others
_9310322
245 0 _aRemote sensing application in environmental reserach
260 _a New Delhi
_bSpringer
_c2014
300 _axvi,212p.
_ccm.
500 _aBibliogrphy: Chpterwise
942 _hU18:M95:(G:55), Q4
_cGB
_2CC
999 _c613861
_d613861